000 00414nam a2200157Ia 4500
008 160316s1991 xxu||||| |||| 00| 0 eng d
082 _a346.016600
_bMOO
100 _aMookerjee Asutosh
245 _aMarriage, separation and divorce
250 _a
260 _aCalcutta
_bS C Sarkar
_c1991
300 _a803p
_b
_c
365 _b260/-
650 _a1.Family Law - Marriage - Separation - Divorce
700 _a
_a
999 _c10365
_d10365